Country Quiz: Hungary 🇭🇺 - Statistics

General Stats
  • This quiz has been taken 29 times
  • The average score is 25 of 45
Answer Stats
Hint Answer % Correct
The capital is actually divided in these two parts (with a river between them) Buda
90%
Pest
90%
Bordering Countries Austria
86%
Capital Budapest
86%
Main River Danube
86%
Language and Nationality Hungarian
86%
Time zones 1
81%
Part of this empire between 1867 to early 20th century Austro-Hungarian empire
81%
Between 1949-1989, Hungary was governed through this ideology Communism
81%
Slovakia
81%
Ukraine
81%
Croatia
76%
Slovenia
76%
Romania
71%
Serbia
71%
Main Religion Christianity
67%
1/44 Countries to lack access to any ocean, otherwise known as... Landlocked
67%
Member of this Western military alliance NATO
67%
Member of this Western fiscal and political alliance European Union
62%
National Dish Goulash
62%
National Dish Goulash
62%
Main Lake (also referred to as the Hungarian sea) Lake Balaton
62%
Temperature System Celsius
52%
Second-Biggest City Debrecen
52%
Measurement System Metric
52%
State-Condition Republic
52%
Hungarian Inventions 1. This three-dimensional mechanical puzzle 2. This discovery of this essential vitamin 3. An advanced form of photography where objects can be seen three-dimensionally Rubik's Cube
52%
Was part of this military alliance, between 1955-1991 Warsaw Pact
52%
# of letters in the Hungarian alphabet 44
48%
Currency Forint
48%
National Sport Waterpolo
48%
Independence 1918
43%
Famous financier, currency speculator, economic and philosophical debater and philanthropist, hailing from Hungary George Soros
38%
Type of Government Parliamentary / Unitary
38%
Most Famous Leader Viktor Orbán
33%
Climate Temperate
29%
Main Economic Sector Tertiary / Service
29%
Vitamin C
29%
Founded 895
24%
Highest Point Kékes
24%
National Animal Turul
19%
Founding Father Árpád
14%
In the Hungarian capital, is where the first ______ line was built Subway
14%
Holography
10%
Most Famous Attraction Buda Castle
5%
No matching quizzes found
Score Distribution
Percent of People with Each Score
Percentile by Number Answered
Your Score History
You have not taken this quiz